| 000 | 00482nam a2200169Ia 4500 | ||
|---|---|---|---|
| 008 | 230718s9999 xx 000 0 und d | ||
| 020 | _a053495216X | ||
| 041 | _aeng | ||
| 082 |
_a005.73 _bGIL |
||
| 100 |
_aGilberg R.F. _9133084 |
||
| 245 |
_aData Structures _bA Pseudocode Approach With C++ |
||
| 260 |
_c2001 _bThomson Publication |
||
| 300 | _a754 | ||
| 365 |
_cRs. _b340.00 |
||
| 700 |
_aGilberg R.F. & Forouzan B.A. _9187360 |
||
| 906 |
_dB:832/28.10.0413-Oct-2005 _cCOMP _b68 |
||
| 999 |
_c309034 _d309034 |
||